00497nam a22001817a 450000500170000001000260001702000260004303500140006903500140008303700090009708200100010610000240011624500440014026000450018427000470022930000210027650000180029720250219120606.0 aENG-115566 ENG-143861 a9788173818066c265.00 aEN-99099  aEN-127393 bDBAD a338.5 aMukherjee, Sampat  aCBSC microecomics/cby Sampat Mukherjee aNew DelhibNew Central Book Agencyc2016 a8/1,Chintamoni Das Lane bKolkatae700009 a368p.c24cm(pbk) aFor Class XII